<?xml version="1.0" encoding="utf-8"?>
<?xml-stylesheet type='text/xsl' href='./oai2.xsl'?>
<OAI-PMH xmlns="http://www.openarchives.org/OAI/2.0/" xmlns:xsi="http://www.w3.org/2001/XMLSchema-instance" xsi:schemaLocation="http://www.openarchives.org/OAI/2.0/ http://www.openarchives.org/OAI/2.0/OAI-PMH.xsd">
  <responseDate>2026-06-04T21:12:28Z</responseDate>
  <request verb="GetRecord" metadataPrefix="marcxml" identifier="record_kuniweb_21877">https://kulturerbe.niedersachsen.de/oai</request>
  <GetRecord>
    <record>
      <header>
        <identifier>record_kuniweb_21877</identifier>
        <datestamp>2015-06-19T12:07:43Z</datestamp>
        <setSpec>slg0103</setSpec>
      </header>
      <metadata>
        <marc:record xmlns:marc="http://www.loc.gov/MARC21/slim" xsi:schemaLocation="http://www.loc.gov/MARC21/slim http://www.loc.gov/standards/marcxml/schema/MARC21slim.xsd">
          <marc:leader>12345nem  22     uu 4500</marc:leader>
          <marc:controlfield tag="001">21877</marc:controlfield>
          <marc:controlfield tag="003">http://kuniweb.gbv.de</marc:controlfield>
          <marc:controlfield tag="005">2015-04-18T12:14:08</marc:controlfield>
          <marc:controlfield tag="008">|           ||||||||||||||||||||||</marc:controlfield>
          <marc:datafield tag="245" ind1="1" ind2="0">
            <marc:subfield code="a">Situations Plan von einem Theile der Chaussée von Hannover nach Hameln nebst der umliegenden Gegend Betttensen nach Wettbergen</marc:subfield>
          </marc:datafield>
          <marc:datafield tag="700" ind1="1" ind2=" ">
            <marc:subfield code="a">Plat,</marc:subfield>
            <marc:subfield code="d">* 1738 † 1791</marc:subfield>
            <marc:subfield code="e">Vorbild / Ideengeber</marc:subfield>
            <marc:subfield code="e">Zeichner</marc:subfield>
          </marc:datafield>
          <marc:datafield tag="655" ind1=" " ind2="7">
            <marc:subfield code="a">Karten</marc:subfield>
          </marc:datafield>
          <marc:datafield tag="046" ind1=" " ind2=" ">
            <marc:subfield code="k">1812-01-10</marc:subfield>
            <marc:subfield code="k">Zeichnung datiert 10. 1. 1812</marc:subfield>
          </marc:datafield>
          <marc:datafield tag="260" ind1=" " ind2=" ">
            <marc:subfield code="g">1812-01-10</marc:subfield>
            <marc:subfield code="g">Zeichnung datiert 10. 1. 1812</marc:subfield>
          </marc:datafield>
          <marc:datafield tag="300" ind1=" " ind2=" ">
            <marc:subfield code="a">Breite: 23 cm ((einschließlich Kopftitel 29,5))
Höhe: 34 cm</marc:subfield>
          </marc:datafield>
          <marc:datafield tag="520" ind1=" " ind2=" ">
            <marc:subfield code="a">Maßstäbe (in cm): 500 calenbergische Ruten = 10,7
Ausrichtung: etwa Nordwesten
Rückseite: leer

Anmerkungen: 
Der Kupferstich trägt den Titel „II te halbe Meile“, hat ein Format 15,5 x 23 und ist nach Südwesten ausgerichtet. Der Kopist hat die Zeichnung vergrößert und um 90° gedreht. – Entsprechend dem Originaltitel des Blattes weist die Kopie Meilensteine mit den Bezeichnungen ½ Meile, ¾ Meile und 1 Meile auf.
Vorlage aufgenommen und gezeichnet von Ingenieur-Hauptmann Anton Heinrich du Plat aus Hannover (1738 bis 1791) im Zusammenhang mit dem Chausseebau von Hannover nach Hameln 1764 bis 1771;  Kupferstich von Ingenieur-Leutnant Müller; kopiert von W. Hagemann am 10. Januar 1812

Veröffentlicht in:
A. H. du Plat, Situations-Risse Der Neüerbaueten Chausséen des Churfürstenthums Braunschweig-Lüneburg ; Erster Theil“. [s.n.], [Hannover], 1780.

Literatur in Zusammenhang:
A. F. Büsching, „Wöchentliche Nachrichten von neuen Landcharten, geographischen, statistischen und historischen Büchern und Sachen. Büschings wöchentliche Nachrichten von neuen Landcharten, geographischen, statistischen und historischen Büchern und Sachen“. Haude &amp;amp; Spener, Berlin, 17731788. (in Band 8/1780, S. 345 ff.)</marc:subfield>
          </marc:datafield>
          <marc:datafield tag="650" ind1="1" ind2=" ">
            <marc:subfield code="a">Landstraße</marc:subfield>
          </marc:datafield>
          <marc:datafield tag="650" ind1="1" ind2=" ">
            <marc:subfield code="a">Landkarte</marc:subfield>
          </marc:datafield>
          <marc:datafield tag="773" ind1="0" ind2=" ">
            <marc:subfield code="t">Sammlung Körber-Einbeck</marc:subfield>
          </marc:datafield>
          <marc:datafield tag="852" ind1=" " ind2=" ">
            <marc:subfield code="a">Institut für Historische Landesforschung der Universität Göttingen</marc:subfield>
          </marc:datafield>
          <marc:datafield tag="" ind1=" " ind2=" ">
            <marc:subfield code="a">Namensnennung-Nicht kommerziell 4.0 International (CC BY-NC 4.0))</marc:subfield>
          </marc:datafield>
        </marc:record>
      </metadata>
    </record>
  </GetRecord>
</OAI-PMH>
